000 00716nam a2200241Ia 4500
001 1020
003 GE_BSU
008 181216s||||||||xx |||||||||||||| ||und||
020 _a9785911341879
040 _cGE_BSU
080 _a821.161.1.09,,19
100 _aРоговер,Е.С.
245 _aРусская литература ХХ Века.
245 _bУчебное пособие для студ.высш. педагогич. учеб.заведении.
250 _a2-е изд. доп. и перераб
260 _aМосква
260 _bСАГА-ФОРУМ
260 _c2010
300 _a495 с.
541 _h20 л.
653 _aРусская литература
942 _cBK
999 _c35175
_d35175